Guess The World's Currency - Statistics

General Stats
  • This quiz has been taken 119 times
  • The average score is 78 of 143
Answer Stats
Answer % Correct
Australian {Dollar}
92%
Bahamian {Dollar}
92%
Barbadian {Dollar}
92%
Belize {Dollar}
92%
Brunei {Dollar}
92%
Canadian {Dollar}
92%
East Caribbean {Dollar}
92%
Fijian {Dollar}
92%
Guyanese {Dollar}
92%
Jamaican {Dollar}
92%
Liberian {Dollar}
92%
Namibian {Dollar}
92%
New Taiwan {Dollar}
92%
New Zealand {Dollar}
92%
Singapore {Dollar}
92%
Surinamese {Dollar}
92%
Trinidad and Tobago {Dollar}
92%
United States {Dollar}
92%
Argentine {Peso}
85%
Chilean {Peso}
85%
Colombian {Peso}
85%
Cuban {Peso}
85%
Dominican {Peso}
85%
Mexican {Peso}
85%
Philippine {Peso}
85%
Uruguayan {Peso}
85%
Japanese {Yen}
82%
Burundi {Franc}
79%
Central African CFA {Franc}
79%
CFP {Franc}
79%
Comorian {Franc}
79%
Congolese {Franc}
79%
Djiboutian {Franc}
79%
Euro
79%
Guinean {Franc}
79%
Rwandan {Franc}
79%
Swiss {Franc}
79%
West African CFA {Franc}
79%
Algerian {Dinar}
74%
Bahraini {Dinar}
74%
Danish {Krone}
74%
Iraqi {Dinar}
74%
Jordanian {Dinar}
74%
Kuwaiti {Dinar}
74%
Libyan {Dinar}
74%
Norwegian {Krone}
74%
Serbian {Dinar}
74%
Tunisian {Dinar}
74%
Egyptian {Pound}
72%
Lebanese {Pound}
72%
Pound Sterling
72%
South Sudanese {Pound}
72%
Sudanese {Pound}
72%
Syrian {Pound}
72%
Turkish {Lira}
71%
Belarusian {Ruble}
69%
Indian {Rupee}
69%
Mauritian {Rupee}
69%
Nepalese {Rupee}
69%
Pakistani {Rupee}
69%
Russian {Ruble}
69%
Seychellois {Rupee}
69%
Sri Lankan {Rupee}
69%
Icelandic {Króna}
65%
Swedish {Krona}
65%
Chinese {Yuan Renminbi}
63%
Iranian {Rial}
60%
Omani {Rial}
60%
Yemeni {Rial}
60%
Brazilian {Real}
58%
North Korean {Won}
57%
South Korean {Won}
57%
Polish {Złoty}
56%
Afghan {Afghani}
53%
Venezuelan {Bolívar}
51%
Albanian {Lek}
50%
Israeli {New Shekel}
50%
Bosnia and Herzegovina {Mark}
46%
Cambodian {Riel}
46%
Kenyan {Shilling}
46%
Moroccan {Dirham}
46%
Somali {Shilling}
46%
South African {Rand}
46%
Tanzanian {Shilling}
46%
Thai {Baht}
46%
UAE {Dirham}
46%
Ugandan {Shilling}
46%
Indonesian {Rupiah}
43%
Moldovan {Leu}
43%
Romanian {Leu}
43%
Bulgarian {Lev}
42%
Czech {Koruna}
42%
Qatari {Riyal}
42%
Saudi Arabian {Riyal}
42%
Croatian {Kuna}
39%
Guatemalan {Quetzal}
39%
Hungarian {Forint}
39%
Macedonian {Denar}
38%
Peruvian {Sol}
38%
Cabo Verdean {Escudo}
35%
Malaysian {Ringgit}
35%
Ukrainian {Hryvnia}
35%
Kyrgyzstani {Som}
33%
Uzbekistani {Som}
33%
Vietnamese {Đồng}
31%
Angolan {Kwanza}
28%
Bolivian {Boliviano}
28%
Costa Rican {Colón}
28%
Azerbaijan {Manat}
26%
Ethiopian {Birr}
26%
Paraguayan {Guarani}
26%
Turkmen {Manat}
26%
Armenian {Dram}
25%
Nigerian {Naira}
25%
Sierra Leonean {Leone}
25%
Bangladeshi {Taka}
24%
Kazakhstani {Tenge}
24%
Lao {Kip}
24%
Haitian {Gourde}
22%
Honduran {Lempira}
22%
Samoan {Tālā}
22%
Ghanaian {Cedi}
21%
Malawian {Kwacha}
21%
Nicaraguan {Córdoba}
21%
Tongan {Pa’anga}
21%
Vanuatu {Vatu}
21%
Zambian {Kwacha}
21%
Botswana {Pula}
19%
Gambian {Dalasi}
19%
Georgian {Lari}
19%
Mongolian {Tögrög}
19%
Papua New Guinean {Kina}
19%
Bhutanese {Ngultrum}
18%
Eritrean {Nakfa}
18%
Lesotho {Loti}
18%
Mauritanian {Ouguiya}
18%
Tajikistani {Somoni}
18%
Malagasy {Ariary}
17%
Maldivian {Rufiyaa}
17%
Mozambican {Metical}
17%
Myanmar {Kyat}
17%
Sao Tome and Principe {Dobra}
17%
Swazi {Lilangeni}
15%
No matching quizzes found
Score Distribution
Percent of People with Each Score
Percentile by Number Answered
Your Score History
You have not taken this quiz